000
00296nam a22001337a 4500
008
190306b xxu||||| |||| 00| 0 eng d
020
_a
9780070317192
041
_a
eng
080
_2
2nd
_a
510
100
_a
36
101
_a
MAT
245
_a
Intermediate Algebra
_c
Streeter,J
942
_2
udc
_c
BK
999
_c
54606
_d
54606